Low Flow Simulation of River Indus (Record no. 551116)
[ view plain ]
| 000 -LEADER | |
|---|---|
| fixed length control field | 00371nam a22001457a 4500 |
| 082 ## - DEWEY DECIMAL CLASSIFICATION NUMBER | |
| Classification number | P-324 |
| -- | Project |
| 100 ## - MAIN ENTRY--PERSONAL NAME | |
| Personal name | Ahmer Waheed |
| 9 (RLIN) | 48080 |
| 245 ## - TITLE STATEMENT | |
| Title | Low Flow Simulation of River Indus |
| 260 ## - PUBLICATION, DISTRIBUTION, ETC. | |
| Place of publication, distribution, etc. | MCE |
| Name of publisher, distributor, etc. | Ahmer waheed, asad ghafoor. |
| Date of publication, distribution, etc. | 26-5-2007 |
| 300 ## - PHYSICAL DESCRIPTION | |
| Extent | D |
| Dimensions | 50cm. |
| 526 ## - STUDY PROGRAM INFORMATION NOTE | |
| Program name | 0 |
| Interest level | 0 |
| Reading level | 0 |
| Title point value | P_324 |
| 526 ## - STUDY PROGRAM INFORMATION NOTE | |
| Program name | 0 |
| Interest level | 0 |
| Reading level | 0 |
| Title point value | P_325 |
| 650 ## - SUBJECT ADDED ENTRY--TOPICAL TERM | |
| Topical term or geographic name entry element | MCE |
| 9 (RLIN) | 379 |
| 942 ## - ADDED ENTRY ELEMENTS (KOHA) | |
| Source of classification or shelving scheme | |
| Koha item type | Book |
| Withdrawn status | Lost status | Source of classification or shelving scheme | Damaged status | Not for loan | Permanent Location | Current Location | Date acquired | Total Checkouts | Full call number | Barcode | Date last seen | Price effective from | Koha item type | Public note |
|---|---|---|---|---|---|---|---|---|---|---|---|---|---|---|
| Military College of Engineering (MCE) | Military College of Engineering (MCE) | 12/03/2014 | P-324 | MCE-P-324 | 12/03/2014 | 12/03/2014 | Book | Project | ||||||
| Military College of Engineering (MCE) | Military College of Engineering (MCE) | 12/03/2014 | P-325 | MCE-P-325 | 12/03/2014 | 12/03/2014 | Book | Project |
